La creación musical en la generación del noventa /

Saved in:
Format: Book
Published: Buenos Aires : Academia Nacional de Bellas Artes, [199?].
LEADER 00374nam a22001097a 4500
003 AR-BeUNQ
005 20240412120004.0
999 |c 38470  |d 122270 
245 |a La creación musical en la generación del noventa /  |c Pola Suárez Urtubey. 
260 |a Buenos Aires :  |b Academia Nacional de Bellas Artes,  |c [199?]. 
929 |a DONACION  |b UCA  |e 20160226  |f PAT0062311  |g 2993  |h 1  |l Estante S  |o JDC 
942 |c LIB  |n 0